Obtención de pulpa a partir de teca (Tectona grandis L.f.) por medio del pulpeo químico Kfraft y evaluación del uso potencial de la lignina obtenida

Gespeichert in:
Bibliographische Detailangaben
1. Verfasser: Santamaría Jiménez, Juan Ernesto
Format: Buch
Veröffentlicht: San José, C.R 2004
Schlagworte:
Tags: Tag hinzufügen
Keine Tags, Fügen Sie den ersten Tag hinzu!

MARC

LEADER 00000nam a2200000Ia 4500
003 009537
005 20221231144130.0
008 140114s2004 cr a m 000 ||s d
040 |c cru CEDI  
090 |a TFG 5077 
100 |a Santamaría Jiménez, Juan Ernesto  |9 5993 
245 |a Obtención de pulpa a partir de teca (Tectona grandis L.f.) por medio del pulpeo químico Kfraft y evaluación del uso potencial de la lignina obtenida 
260 |c 2004  |a  San José, C.R 
300 |a  v, 127 hojas : ilustraciones, fotografías  
500 |a  Tesis (licenciatura en ingeniería quimíca)--Universidad de Costa Rica. Facultad de Ingeniería. Escuela de Ingeniería Química 
650 |x TECA   |x PULPA DE MADERA   |x LIGNINA  |9 5994 
942 |c TFG 
999 |c 17346  |d 17346